000 00406nam a2200181Ia 4500
001 466
005 20260306140520.0
008 260306t2022||||xx |||||||||||||| ||spa||
041 _aESP
082 _a121
_bH89
100 _aHui, Yuk,
_eAUT
245 0 _aRecursividad y contingencia
260 _c2022
300 _a401 páginas :
_c20 cm.
650 _aGEN
654 _aCHU
942 _cLIB
_dJUS
_fJUS
_2ddc
_n
999 _c466
_d466